| 000 | 00456nam a2200169Ia 4500 | ||
|---|---|---|---|
| 008 | 230917s9999||||xx |||||||||||||| ||und|| | ||
| 020 | _cRS300 | ||
| 040 |
_e224670 _aMAIN |
||
| 041 | _aEnglish | ||
| 082 | _a785.0954 D26S | ||
| 100 | _aDas, Rita | ||
| 245 | 0 | _aSarod vadan mein maihar ki samriddha parampara | |
| 260 |
_aNew Delhi _bGranth Akademi _c2013 |
||
| 300 | _a232 p. | ||
| 500 | _a1956 06/02/2015 SPPD5493 12/02/2015 Main Budget | ||
| 942 | _cBK | ||
| 999 |
_c14615 _d14615 |
||